LEADER 01055nam a2200265 i 4500 001 000000150918 003 CaOOAMICUS 005 20180323000000.0 008 180323s1998 it u000 u ita u 013 $a128256 040 $aSeMil$bita 100 0 $aIoannes Paulus II,$c.$0(OLS)http://semarc/name/646 245 13$aLa risposta è nel vento /$cGiovanni Paolo 2. 260 $aCasale Monferrato (AL) :$bPiemme,$c1998. 300 $a159 p. ;$c21 cm. 650 4$aGiovanni Paolo II - Spirito Santo.$0(OLS)http://semarc/subject/28964 850 $aSeMil 852 $aSeMil$W1$xVenegono$y1$m3F IV 685$j102974$B102974$CSeMilBibl$Z2$F112384 $81 900 1 $aWojtyla, Karol,$d<1920-2005>. 900 0 $aGiovanni Paolo II$c. 961 $aRecupero: Seminario di Seveso 996 $6245$aLa risposta è nel vento$9(OLS)http://semarc/title/220604 996 $6260$aCasale Monferrato (AL) :$bPiemme$9(OLS)http://semarc/publisher/30052 LEADER 00916nam a2200205 i 4500 001 000000194948 003 CaOOAMICUS 005 20101129000000.0 008 101129s1986 it u000 u ita u 013 $a173609 040 $aSeMil$bita 245 12$aI gruppi di preghiera di Padre Pio :$bcenni storici, nuovo statuto. 260 $aSan Giovanni Rotondo :$bCasa Sollievo della Sofferenza,$cstampa 1986. 300 $a62 p. :$bill. ;$c17 cm. 650 4$aPio : da Pietrelcina - Gruppi di preghiera.$0(OLS)http://semarc/subject/36611 850 $aSeMil 852 $aSeMil$W1$xVenegono$y1$m5A XII 6/41$j145517$B145517$CSeMilBibl$Z2$F157093 $81 961 $aOmaggio: Altro 996 $6245$aI gruppi di preghiera di Padre Pio :$bcenni storici, nuovo statuto$9(OLS)http://semarc/title/281141 996 $6260$aSan Giovanni Rotondo :$bCasa Sollievo della Sofferenza$9(OLS)http://semarc/publisher/38868